Kill Bill - Personnages - Statistiques

Statistiques générales
  • Ce quiz a été pris 73 fois
  • Le résultat moyen est 8 sur 29
Statistiques - réponses
Par images Réponse % Correct
Bill
92%
Beatrix "The Bride"
89%
Elle "California Mountain Snake"
59%
O-Ren "Cottonmouth"
54%
Gogo Yubari
52%
B.B. Kiddo
48%
Pai Mei
43%
Budd "Sidewinder"
41%
Buck
39%
Hattori Hanzō
36%
Sofie Fatale
36%
Vernita "Copperhead"
33%
Nikkia Bell
31%
Johnny Mo
21%
Rufus
20%
Rocket
15%
Esteban Vihaio
13%
Karen Kim
13%
Charlie Brown
11%
Thomas "Tommy" Plympton
11%
Larry Gomez
7%
Sheriff Earl McGraw
7%
Jay
5%
Mrs.Harmony
5%
Révérand Harmony
5%
Ernie
3%
Janeen & Erica
2%
Jasper
2%
Trixie
2%
Aucun quiz correspondant
Distribution des résultats
% des personnes avec chaque résultat
Percentile par nombre de réponses
Votre historique - résultats
Vous n’avez pas pris ce quiz